Guess the Largest Cities in the Map Snippet - Statistics

General Stats
  • This quiz has been taken 35 times
  • The average score is 17 of 36
Answer Stats
Picture Answer % Correct
Istanbul
84%
New York
81%
London
78%
Paris
78%
Osaka
72%
São Paulo
72%
Ankara
69%
Buenos Aires
69%
Alexandria
66%
Cairo
66%
Chennai
63%
Philadelphia
63%
Bengaluru
59%
Washington
59%
Nagoya
56%
Rio de Janeiro
56%
Bursa
47%
Hyderabad
47%
Giza
44%
Houston
44%
Kobe
41%
San Antonio
38%
Monterrey
34%
Brighton and Hove
31%
Lagos
31%
Málaga
31%
Accra
28%
Ibadan
25%
Murcia
25%
Oran
25%
Brazzaville
22%
Genoa
22%
Kinshasa
22%
Parma
6%
Pointe-Noire
6%
Reggio Emilia
0%
No matching quizzes found
Score Distribution
Percent of People with Each Score
Percentile by Number Answered
Your Score History
You have not taken this quiz